Citizenship: Responsibilities and Pvivileges of the India Citizen / (Record no. 339705)
[ view plain ]
| 000 -LEADER | |
|---|---|
| fixed length control field | 00403cam a2200145ua 4500 |
| 041 ## - LANGUAGE CODE | |
| Language code of text/sound track or separate title | eng |
| Language code of original | |
| 082 ## - DEWEY DECIMAL CLASSIFICATION NUMBER | |
| Classification number | 323.6 |
| Item number | WIL/CI |
| 100 ## - MAIN ENTRY--PERSONAL NAME | |
| Personal name | Willat, J . |
| 245 ## - TITLE STATEMENT | |
| Title | Citizenship: Responsibilities and Pvivileges of the India Citizen / |
| Statement of responsibility, etc. | Willat J. |
| Medium | Textual Documents |
| 260 ## - PUBLICATION, DISTRIBUTION, ETC. (IMPRINT) | |
| Place of publication, distribution, etc. | Mumbai : |
| Name of publisher, distributor, etc. | Oxford & IBH Book Company , |
| Date of publication, distribution, etc. | 1946. |
| 300 ## - PHYSICAL DESCRIPTION | |
| Extent | 187 ; . |
| 504 ## - BIBLIOGRAPHY, ETC. NOTE | |
| Bibliography, etc | |
| 942 ## - ADDED ENTRY ELEMENTS (KOHA) | |
| Koha item type | Books (General) |
No items available.
